Statistiken für Liedtext - Major Tom - Peter Schilling

Klicken Sie hier um das Quiz zu spielen!

Allgemein

  • Dieses Quiz wurde 807 mal gespielt
  • Das Durchschnittsergebnis liegt bei 141 aus 216

Antwortstatistiken

Textquiz% Korrekt
da
96%
er
96%
Er
96%
Der
95%
der
95%
Völlig
95%
Erde
94%
losgelöst
94%
von
94%
Das
93%
das
93%
Raumschiff
93%
Schwebt
90%
schwebt
90%
schwerelos
88%
Schwerelos
88%
Und
88%
und
88%
Major
87%
Tom
87%
ab
80%
Dann
79%
ein
78%
hebt
78%
sie
77%
Sie
77%
Die
76%
die
76%
den
73%
All
66%
doch
66%
Doch
66%
auf
65%
einen
65%
steht
64%
läuft
63%
Countdown
62%
ist
62%
Start
62%
Macht
61%
sich:
60%
sich
60%
Alles
59%
alles
59%
durch
59%
Scherz
59%
wartet
58%
nicht
57%
weiter
57%
noch
56%
paar
56%
mir
55%
Mir
55%
hat
54%
klar
54%
um
54%
hör'n
53%
ich
53%
kann
53%
was
53%
Fragen
52%
hören
52%
im
52%
Im
52%
wird
52%
Denkt
50%
denkt
50%
durchgecheckt
50%
nichts
49%
so
49%
Daten
48%
schon
48%
streiten
48%
denn
47%
Experten
47%
kalt
47%
können
47%
Stunden
47%
Crew
46%
Gründlich
46%
seit
46%
Man
45%
man
45%
Wenn
45%
am
44%
Frau
44%
meine
44%
Jeder
43%
Experimente
42%
ja
42%
zerstören
42%
Ende
41%
perfekt
41%
Erdanziehungskraft
40%
Hallo
40%
ihm
40%
überwunden
40%
verlässt
40%
weiß
40%
Wissenschaftliche
40%
wüssten
40%
bald
39%
Projekt
39%
blind
38%
Grüßt
38%
komme
38%
abhängt
37%
andern
37%
genau
37%
nützen
37%
Stress
37%
verstummt
37%
gar
36%
Woll'n
36%
Effektivität
35%
Kapsel
35%
sein
35%
stimmt
35%
bestimmt
34%
Handeln
34%
Kontrollzentrum
34%
Kurs
34%
Mich
33%
panisch
33%
Egoisten
32%
Funk
31%
ihr
31%
blau
30%
hier
28%
letzter
28%
schimmert
28%
Licht
27%
Unten
26%
trauern
25%
kennt
23%
führt
22%
kommt
20%

Verteilung der Resultate

Perzentil nach korrekt beantworteten Fragen

Anzahl Personen mit jedem Resultat

Ihre Resultats-Entwicklung

Sie haben dieses Quiz noch nicht gespielt